Vínna cesta Záhoria
| Other Authors: | , , , |
|---|---|
| Format: | Book |
| Language: | Slovak German English |
| PhysicalDescription: | 27 strán fotografie, 1 mapa 21 cm |
| Published: |
Skalica
Mestský úrad v Skalici
[2002]
|
| Subjects: |
MARC
| LEADER | 00000cam a2200000 4500 | ||
|---|---|---|---|
| 001 | vtls009974050 | ||
| 003 | SK-MaSNL | ||
| 005 | 20260301083320.0 | ||
| 008 | 091113s2002 xo ob g 000 0 slo | ||
| 015 | |a SNBE2023 | ||
| 040 | |a SNK |b slo |c SNK |e rda | ||
| 041 | 1 | |a slo |a ger |a eng | |
| 043 | |a e-xo--- | ||
| 044 | |a xo |c SK | ||
| 072 | 7 | |a 634 |x Ovocinárstvo |2 konspekt | |
| 072 | 7 | |a 913(437) |x Geografia Česka a Slovenska, reálie, cestovanie |2 konspekt | |
| 080 | |a 663.2 |2 2011 | ||
| 080 | |a 634.8 |2 2011 | ||
| 080 | |a 634.8.04 |2 2011 | ||
| 080 | |a (437.6) |2 2011 | ||
| 080 | |a (036) |2 2011 | ||
| 245 | 0 | 0 | |a Vínna cesta Záhoria |c zostavili: Viera Drahošová, Alena Kadlečíková ; preklady: Libuša Orgoníková (nem.), Oľga Janoková (angl.) |
| 264 | 1 | |a Skalica |b Mestský úrad v Skalici |c [2002] | |
| 300 | |a 27 strán |b fotografie, 1 mapa |c 21 cm | ||
| 336 | |a text |b txt |2 rdacontent | ||
| 337 | |a bez média |b n |2 rdamedia | ||
| 338 | |a zväzok |b nc |2 rdacarrier | ||
| 500 | |a Názov z obálky | ||
| 546 | |a Súbežný text v nemčine a angličtine | ||
| 630 | 0 | 7 | |a Vínna cesta Záhoria |2 SNKPH |9 409986 |
| 650 | 0 | 7 | |a vinohradníctvo |2 SNKPH |9 1657 |
| 650 | 0 | 7 | |a Viticulture |2 SNKPHeng |9 267676 |
| 650 | 0 | 7 | |a víno |2 SNKPH |9 1658 |
| 650 | 0 | 7 | |a vinárstvo |2 SNKPH |9 1656 |
| 650 | 0 | 7 | |a vinohradnícke oblasti |2 SNKPH |9 68062 |
| 650 | 0 | 7 | |a Wine |2 SNKPHeng |9 313442 |
| 650 | 0 | 7 | |a Wine making |2 SNKPHeng |9 330176 |
| 650 | 0 | 7 | |a Wine districts |2 SNKPHeng |9 345856 |
| 651 | 7 | |a Záhorie (Slovensko : región) |2 SNKPH |9 177455 | |
| 651 | 7 | |a Záhorie (Slovakia : region) |2 SNKPHeng |9 121216 | |
| 655 | 7 | |a Information publications |2 SNKPHeng |9 265188 | |
| 655 | 7 | |a informačné publikácie |2 SNKPH |9 70181 | |
| 700 | 1 | |a Kadlečíková, Alena |4 com |9 44679 | |
| 700 | 1 | |a Orgoníková, Libuša |4 trl |9 409987 | |
| 700 | 1 | |a Janoková, Oľga |4 trl |9 409988 | |
| 700 | 1 | |a Drahošová, Viera |4 com |9 224283 | |
| 852 | |a Slovenská národná knižnica | ||
| 954 | |a iná literatúra (príručky, kuchárske knihy, hobby literatúra, sprievodcovia) pôvodná (slovenská) |2 lita | ||
| 999 | |c 660232 |d 662162 | ||
| 952 | |a SNK |b SNK |y PREZ |7 0 |p 17A1527537 |o snkOSC 29951 |i snk2023/6346 |8 1 |g 4.16 |0 0 |1 0 |4 0 |d 2023-02-03 |l 0 |r 2026-02-23 18:51:24 |w 2026-02-23 | ||


